Theatre and stage: an encyclopedia guide to the performance of all amateur dramatic, operatic, and theatrical work, V3 (Record no. 45876)

MARC details
000 -LEADER
fixed length control field 00454nam a2200145Ia 4500
008 - FIXED-LENGTH DATA ELEMENTS--GENERAL INFORMATION
fixed length control field 230917s9999||||xx |||||||||||||| ||und||
040 ## - CATALOGING SOURCE
-- 39994
Original cataloging agency VIVEKANANDA LIBRARY
041 ## - Language
-- English
082 ## - DDC NUMBER
Classification number 822.09 D759T
100 ## - MAIN ENTRY--PERSONAL NAME
Personal name Downs, Harold, ed
245 #0 - TITLE STATEMENT
Title Theatre and stage: an encyclopedia guide to the performance of all amateur dramatic, operatic, and theatrical work, V3
260 ## - PUBLICATION, DISTRIBUTION, ETC. (IMPRINT)
Place of publication, distribution, etc London
Name of publisher, distributor, etc New era Publishing
300 ## - PHYSICAL DESCRIPTION
Pages viii, 595-1181 p.
942 ## - ADDED ENTRY ELEMENTS (KOHA)
Koha item type Books
Holdings
Withdrawn status Lost status Damaged status Not for loan Location (home branch) Sublocation or collection (holding branch) Date acquired Koha issues (times borrowed) Koha full call number Accession No. Koha date last seen Koha item type
        VIVEKANANDA LIBRARY VIVEKANANDA LIBRARY 29/08/2002   822.09 D759T 112835 17/09/2023 Books
© Designed and Maintained by Vivekananda Library, MDU Rohtak